Reforma a la justicia : una visión de los derechos indígenas.

Bibliographic Details
Format: Libro
Language:English
Published: Santiago, Chile Ministerio de Justicia 2004

MARC

LEADER 00000cam a2200000 a 4500
001 027382
003 UAHC_CL
005 20170803122810.0
008 060314b xx j 000 1 eng
040 |a UAHC_CL  |c UAHC_CL  |d UAHC_CL 
245 1 0 |a Reforma a la justicia :  |b una visión de los derechos indígenas. 
260 |b Ministerio de Justicia  |c 2004  |a Santiago, Chile 
300 |a 1 cd rom 
505 0 |a Legislación general 1813-2004 -- Legislación especial -- SEMINARIO: Situación de los derechos indígenas de Chile -- El respeto de los derechos de los pueblos indígenas : un desafío para la sociedad chilena -- Reforma procesal penal y ley indígena -- La aplicación de la reforma procesal penal en la región de la Araucanía -- El derecho indígena, su importancia en el derecho boliviano -- En busca de la justicia : análisis del proceso mexicano de reformas en materia indígena (1992-2001) -- El derecho indígena : su importancia en el derecho estatal -- VIDEO: Derecho de los pueblos indígenas en el Sistema Interamericano y la reforma procesal Penal -- Derechos de los pueblos indígenas -- Panel indígena internacional -- Panel derechos de los pueblos indígenas en la reforma procesal penal chilena -- Panel lideres indígenas nacionales -- Propuestas y demandas indígenas 
900 |a CD-053 
942 |c BK 
952 |0 0  |1 0  |4 0  |6 CD_053  |7 0  |8 Hemeroteca  |9 54743  |a BC  |b BC  |c Hemeroteca  |d 2017-08-03  |l 0  |o CD-053  |p 1352678  |r 2019-01-02 00:00:00  |t 1  |w 2017-08-03  |y BK 
952 |0 0  |1 0  |4 0  |6 CD_053  |7 0  |8 Hemeroteca  |9 54744  |a BC  |b BC  |c Hemeroteca  |d 2017-08-03  |l 0  |o CD-053  |p 1352675  |r 2019-01-02 00:00:00  |t 2  |w 2017-08-03  |y BK 
999 |c 27382  |d 27382